000 02707nam a2200397 i 4500
001 193249
003 SpMaBN
005 20240828063033.0
007 ta
008 201203s2020 sp a | |||| 000 p spa
017 _aM 8882-2020
_bOficina Depósito Legal Madrid
020 _a9788417397913
035 _aa6756234
040 _aSpMaBN
_bspa
_cSpMaBN
_erda
080 _a821.134.2-14"19"
100 1 _aNistal, Gloria
_4aut
_eaut
_9234310
245 1 0 _aNueve razones /
_cGloria Nistal ; prólogo de María Antonia García de León
250 _aPrimera edición: 2020
264 1 _aMadrid :
_bSial Pigmalión,
_c2020
300 _a110 páginas :
_b1 ilustración (color) ;
_c21 cm
336 _aTexto
_2rdacontent
337 _asin mediación
_2rdamedia
338 _avolumen
_2rdacarrier
490 0 _aPigmalión poesía ;
_v106
500 _aÍndice
520 _aNuestra Gloria Nistal es minera de la vida, arranca de la veta que encuentra el mejor metal precioso que pueda extraerle. Como placas geológicas, van discurriendo en Nueve razones, su último libro de poemas, los estratos del corazón de la autora. (…) El primer estrato es su lidiar entre las constricciones del laboro (como dicen por aquellos pagos) y la ebriedad de viajes y lírica, de deseo y pasión. El segundo estrato son sus épicas, las que se encuentra y registra líricamente aquí, en sus poemas, en su ancho ir y venir por el mundo. A saber: su épica ecologista, su épica pacifista, su épica feminista, siempre en pro de las mujeres. En suma, los tres ejes en que se están desenvolviendo, y se desenvolverán, las vanguardias del siglo xxi, y los movimientos sociales más interesantes. El tercer estrato entra en el género de les confessions (dicho al modo de Rousseau). Contra los tiempos oscuros, los valores. Ahora que el mundo cae en el estupor mediático, la droga publicitaria, la masa de androides ideológicos, son radicalmente necesarios unos valores bien asentados, unas certezas sabias. Nuestra poeta es una heroína de esto que propongo de urgente necesidad. Lector/ra, atrévete. Conocer y leer a Gloria Nistal es un antídoto contra los tiempos desesperanzados-desesperados que corren.
655 7 _aPoesías
_2tgfbne
_9176539
700 1 _aGarcía de León, María Antonia
_954461
_eaui
830 _9225371
_aPoesía Pigmalión
852 _aES-MaACL
_b154646
_cDEPOJ
_9200679
_hDonación: Gloria Nistal
_jN-9417
_xEncuadernación rústica con solapas
903 _aNistal, Gloria
_ednr
_9234310
942 _n0
_cMONOGRAFIA
999 _c193249
_d193249